|
|
|
|
| LEADER |
01387nam a2200361 4500 |
| 001 |
DLU170180449 |
| 005 |
##20170810 |
| 020 |
# |
# |
|a 9786045717226
|
| 040 |
# |
# |
|a DLU
|b vie
|
| 041 |
# |
# |
|a vie
|
| 044 |
# |
# |
|a vn
|
| 082 |
# |
# |
|a 301.095 97
|b Din
|
| 245 |
# |
# |
|a Định hướng giá trị con người Việt Nam trong thời kỳ đổi mới và hội nhập :
|b Sách chuyên khảo /
|c Phạm Minh Hạc, Thái Duy Tuyên đồng chủ biên.
|
| 250 |
# |
# |
|a Tái bản lần thứ hai.
|
| 260 |
# |
# |
|a H. :
|b Chính trị Quốc gia - Sự thật,
|c 2015.
|
| 300 |
# |
# |
|a 279tr. ;
|c 21cm.
|
| 504 |
# |
# |
|a Phụ lục: tr.243-379.
|
| 504 |
# |
# |
|a Tài liệu tham khảo: tr.241-242.
|
| 505 |
# |
# |
|a Chương I. Tổng quan tình hình nghiên cứu giá trị và định hướng giá trị -- Chương II. Điều tra, khảo sát định hướng giá trị con người Việt Nam trong thời kỳ đổi mới và hội nhập -- Chương III. Xử lý các số liệu điều tra.
|
| 650 |
# |
# |
|a Bản sắc dân tộc Việt Nam.
|
| 700 |
# |
# |
|a Phạm Minh Hạc,
|c GS.VS.
|e chủ biên.
|
| 700 |
# |
# |
|a Thái Duy Tuyên,
|c GS.TSKH.
|e chủ biên.
|
| 923 |
# |
# |
|a 05/2016
|
| 991 |
# |
# |
|a SH
|
| 992 |
# |
# |
|a 71000
|
| 994 |
# |
# |
|a DLU
|
| 900 |
# |
# |
|a True
|
| 911 |
# |
# |
|a Nguyễn Thanh Hương
|
| 925 |
# |
# |
|a G
|
| 926 |
# |
# |
|a A
|
| 927 |
# |
# |
|a SH
|
| 980 |
# |
# |
|a Thư viện Trường Đại học Đà Lạt
|